ბათუმის შოთა რუსთაველის სახელმწიფო უნივერსიტეტის ბიბლიოთეკა

ტრფობა წამებული, მიმქრალი შარავანდედი : (ბიბ.ჩანაწერი № 39705)

000 -ლიდერი
ფიქსირებული სიგრძის საკონტროლო ველი 01205nam a2200241Ia 4500
001 - საკონტროლო ნომერი
საკონტროლო ველი 6308
003 - საკონტროლო ნომრის იდენტიფიკატორი
საკონტროლო ველი GE_BSU
005 - ბოლო ოპერაციის თარიღი და დრო
საკონტროლო ველი 20191002172055.0
008 - ფიქსირებული სიგრძის მონაცემთა ელემენტები - ზოგადი ინფორმაცია
ფიქსირებული სიგრძის საკონტროლო ველი 181216s1986||||ge |||||||||||||| ||geo||
040 ## - კატალოგიზაციის წყარო
Transcribing agency GE_BSU
041 ## - ენის კოდი
Language code of text/sound track or separate title geo
080 ## - უნივერსალური ათობითი კლასიფიკაციის ინდექსი
Universal Decimal Classification number 821.353.1-31 ბ-27
100 ## - მთავარი ჩანაწერი - პიროვნების სახელი
Personal name ბარნოვი, ვასილ
9 (RLIN) 4407
245 ## - ცნობა სათაურის შესახებ
Title ტრფობა წამებული, მიმქრალი შარავანდედი :
Remainder of title რომანები /
Statement of responsibility, etc ვასილ ბარნოვი ; შემდგენელ-რედ. : გურამ გვერდწითელი, გურამ ფანჯიკიძე.
264 ## - წარმოების, გამოცემის, დისტრიბუციის და სხვა ცნობები
გამოცემის, წარმოების, დისტრიბუციის... ადგილი თბილისი :
გამოცემის, წარმოების, დისტრიბუციის... სახელწოდება მერანი ;
გამოცემის, წარმოების, დისტრიბუციის... თარიღი 1986.
300 ## - ფიზიკური აღწერა
Extent 495 გვ. ;
Dimensions 22 სმ.
653 ## - INDEX TERM--UNCONTROLLED
Uncontrolled term ტრფობა წამებული
653 ## - INDEX TERM--UNCONTROLLED
Uncontrolled term მიმქრალი შარავანდედი
653 ## - INDEX TERM--UNCONTROLLED
Uncontrolled term რომანი
700 ## - ADDED ENTRY--PERSONAL NAME
Personal name გვერდწითელი, გურამ
Relator term შემდგენელ-რედაქტორი
9 (RLIN) 3781
700 ## - ADDED ENTRY--PERSONAL NAME
Personal name ფანჯიკიძე, გურამ
Relator term შემდგენელ-რედაქტორი
9 (RLIN) 939
942 ## - ADDED ENTRY ELEMENTS (KOHA)
Koha item type წიგნი
Source of classification or shelving scheme
ეგზემპლარები
ჩამოწერის სტატუსი დაკარგული ეგზემპლარის სტატუსი დაზიანების სტატუსი არ გაიცემა შეძენის თარიღი შტრიხკოდი ბოლო ოპერაციის თარიღი ფასის ძალაში შესვლის თარიღი ეგზემპლარის სახეობა საჯარო შენიშვნა
        2018-12-17 13957 2018-12-17 2018-12-17 წიგნი  
        2018-12-17 38755 2018-12-17 2018-12-17 წიგნი 7ლ.